000 00357nam a2200145Ia 4500
008 190704s9999||||xx |||||||||||||| ||und||
020 _a8187105313
082 _a791.433
_bPET/3
100 _aPeterson, Michael Todd
245 0 _a3D Studio Max Fundamentals
250 _a1st Edition
260 _aNew Delhi
_bTechmedia
_c1997
300 _a512p
942 _cBK
999 _c6174
_d6174